Vplyv pandémie koronavírusu na používanie jazykov v Európe
Vplyv vývoja pandémie ochorenia COVID‑19 spôsobeného novým koronavírusom v kontexte celých štátov a medzinárodných zoskupení na zvýšenú potrebu komunikácie na medzinárodnej úrovni a na používanie jazyka ako prostriedku komunikácie. Preferencie určitého jazyka v Európe ako prostriedku pri riadení krí...
Guardado en:
| Autor principal: | |
|---|---|
| Formato: | Capítulo de libro |
| Lenguaje: | eslovaco |
| Materias: | |
| Etiquetas: |
Sin Etiquetas, Sea el primero en etiquetar este registro!
|
MARC
| LEADER | 00000naa$a2200000$$$4500 | ||
|---|---|---|---|
| 001 | 0277464 | ||
| 005 | 20240502074325.1 | ||
| 041 | 0 | |a slo | |
| 044 | |a SK | ||
| 245 | 1 | 0 | |a Vplyv pandémie koronavírusu na používanie jazykov v Európe |c Terézia Ondrušová |
| 520 | |a Vplyv vývoja pandémie ochorenia COVID‑19 spôsobeného novým koronavírusom v kontexte celých štátov a medzinárodných zoskupení na zvýšenú potrebu komunikácie na medzinárodnej úrovni a na používanie jazyka ako prostriedku komunikácie. Preferencie určitého jazyka v Európe ako prostriedku pri riadení krízy súvisiacej so šírením vírusu a vplyv samotnej komunikácie na daný jazyk, aj v rámci jazykového práva v EÚ. | ||
| 610 | 2 | 0 | |a jazykoveda |
| 610 | 2 | 0 | |a komunikácia multikultúrna |
| 610 | 2 | 0 | |a pandémia |
| 610 | 2 | 0 | |a koronavírus |
| 610 | 2 | 0 | |a jazyk diplomatický |
| 610 | 2 | 0 | |a jazyky cudzie |
| 610 | 2 | 0 | |a jazyk štátny |
| 610 | 2 | 0 | |a politika medzinárodná |
| 610 | 2 | 0 | |a Európska únia |
| 100 | 1 | |a Ondrušová, Terézia, 1978- | |